|
|
|
|
| LEADER |
00000cam a22000004a 4500 |
| 001 |
musev2_67352 |
| 003 |
MdBmJHUP |
| 005 |
20230905050931.0 |
| 006 |
m o d |
| 007 |
cr||||||||nn|n |
| 008 |
180627s2019 mau o 00 0 eng d |
| 010 |
|
|
|z 2018031015
|
| 020 |
|
|
|a 9781613766200
|
| 020 |
|
|
|z 1613766203
|
| 020 |
|
|
|z 9781625343734
|
| 035 |
|
|
|a (OCoLC)1113904170
|
| 040 |
|
|
|a MdBmJHUP
|c MdBmJHUP
|
| 100 |
1 |
|
|a File, Patrick C.,
|e author.
|
| 245 |
1 |
0 |
|a Bad News Travels Fast :
|b The Telegraph, Libel, and Press Freedom in the Progressive Era /
|c Patrick C. File.
|
| 264 |
|
1 |
|a Amherst :
|b University of Massachusetts Press,
|c [2019]
|
| 264 |
|
3 |
|a Baltimore, Md. :
|b Project MUSE,
|c 2019
|
| 264 |
|
4 |
|c ©[2019]
|
| 300 |
|
|
|a 1 online resource (160 pages).
|
| 336 |
|
|
|a text
|b txt
|2 rdacontent
|
| 337 |
|
|
|a computer
|b c
|2 rdamedia
|
| 338 |
|
|
|a online resource
|b cr
|2 rdacarrier
|
| 500 |
|
|
|a Based on the author's thesis (doctoral)--University of Minnesota, 2013.
|
| 505 |
0 |
|
|a News in the late nineteenth century : more and faster -- Libel in the nineteenth century : malice or mistakes? -- The Smith and Rutherford cases : the news as 'a wrong and perilous system' -- The Palmer cases : the first large-scale libel syndicate -- The Oakley cases : libel and celebrity -- Bad news and the bad tendency test : the limits of libel doctrine -- Retraction statutes : an alternate route to protection -- Conclusion.
|
| 588 |
|
|
|a Description based on print version record.
|
| 650 |
|
7 |
|a Trials (Libel)
|2 fast
|0 (OCoLC)fst01156359
|
| 650 |
|
7 |
|a Libel and slander.
|2 fast
|0 (OCoLC)fst00997162
|
| 650 |
|
7 |
|a Journalism.
|2 fast
|0 (OCoLC)fst00984032
|
| 650 |
|
7 |
|a LAW
|x Criminal Law
|x General.
|2 bisacsh
|
| 650 |
|
6 |
|a Proces (Diffamation)
|z États-Unis
|x Histoire.
|
| 650 |
|
0 |
|a Journalism
|z United States
|x History.
|
| 650 |
|
0 |
|a Trials (Libel)
|z United States
|x History.
|
| 650 |
|
0 |
|a Libel and slander
|z United States
|x History.
|
| 651 |
|
7 |
|a United States.
|2 fast
|0 (OCoLC)fst01204155
|
| 651 |
|
6 |
|a États-Unis
|x Histoire
|y 1865-1921.
|
| 651 |
|
0 |
|a United States
|x History
|y 1865-1921.
|
| 655 |
|
7 |
|a History.
|2 fast
|0 (OCoLC)fst01411628
|
| 655 |
|
7 |
|a Electronic books.
|2 local
|
| 710 |
2 |
|
|a Project Muse.
|e distributor
|
| 830 |
|
0 |
|a Book collections on Project MUSE.
|
| 856 |
4 |
0 |
|z Texto completo
|u https://projectmuse.uam.elogim.com/book/67352/
|
| 945 |
|
|
|a Project MUSE - Custom Collection
|
| 945 |
|
|
|a Project MUSE - 2019 Complete
|
| 945 |
|
|
|a Project MUSE - 2019 History
|